Ekonomiczne problemy badan w sferze uslug spolecznych
Na minha lista:
| Formato: | Livro |
|---|---|
| Idioma: | polonês inglês |
| Publicado em: |
Lódz
Wydawnictwo Uniwersytetu Lódzkiego
1990
|
| Edição: | 1. wyd. |
| Colecção: | Folia Oeconomica
106 |
| Assuntos: | |
| Tags: |
Sem tags, seja o primeiro a adicionar uma tag!
|
MARC
| LEADER | 00000nam a2200000 4500 | ||
|---|---|---|---|
| 001 | c014147 | ||
| 005 | 20221206122409.3 | ||
| 041 | 0 | |a pol | |
| 041 | 0 | |a eng | |
| 044 | |a PL | ||
| 245 | 1 | 0 | |a Ekonomiczne problemy badan w sferze uslug spolecznych |
| 250 | |a 1. wyd. | ||
| 264 | 1 | |a Lódz |b Wydawnictwo Uniwersytetu Lódzkiego |c 1990 | |
| 300 | |a 134 s. | ||
| 490 | 1 | |a Folia Oeconomica |v 106 | |
| 830 | 0 | |a Folia Oeconomica |v 106 | |
| 610 | 2 | 0 | |a služby |
| 610 | 2 | 0 | |a výskum |
| 610 | 2 | 0 | |a sféra terciárna |
| 610 | 2 | 0 | |a príjmy osobné |
| 610 | 2 | 0 | |a ochrana zdravia |
| 610 | 2 | 0 | |a politika cenová |
| 610 | 2 | 0 | |a podmienky sociálne |
| 610 | 2 | 0 | |a náklady personálne |
| 610 | 2 | 0 | |a hospodárstvo komunálne |